Statistics for Top 10 Argentinian PL appearance makers

Click here to take the quiz!

General Stats

  • This quiz has been taken 15 times
  • The average score is 3 of 10

Answer Stats

HintAnswer% Correct
178Aguero
100%
228Zabaleta
77%
202Tevez
54%
149Arca
23%
211Coloccini
8%
122Di Santo
8%
154Gutierrez
0%
141Yacob
0%
130Taricco
0%
99Mascerano
0%

Score Distribution

Percentile by Number Answered

Percent of People with Each Score

Your Score History

You have not taken this quiz